[Event "27th Seacost Trophy 2017"]
[Site "Eforie Nord"]
[Date "2017.06.21"]
[Round "3"]
[White "Nevednichy, Vladislav"]
[Black "Romcovici, Victor"]
[Result "1-0"]
[WhiteElo "2533"]
[BlackElo "2173"]
[Annotator "TA"]
[PlyCount "87"]
[EventDate "2017.??.??"]
[EventType "swiss"]
[EventCountry "ROU"]
[SourceTitle "playchess.com"]
[Source "ChessBase"]
[SourceQuality "1"]

{[%evp 11,87,39,43,39,51,58,58,47,43,55,35,14,35,13,29,0,29,55,57,64,64,66,75,91,110,92,92,32,37,23,38,29,26,47,72,-20,210,205,154,193,237,201,218,218,277,252,485,495,445,479,467,443,666,645,822,854,853,849,836,852,793,724,907,893,6187,5895,5608,2376,5716,2949,5683,10071,29972,29976,29976,29976,29973,29971]} 1. c4 e5 2. Nc3 Nc6 3. g3 f5 4. Bg2 Nf6 5. e3 Bb4 6. Nge2 O-O 7. Nd5 {A25: English Opening vs King's Indian with ...Nc6 but without early d3} (7. O-O Bxc3 8. Nxc3 d6 9. d4 e4 10. f3 exf3 11. Qxf3 Bd7 12. b3 Rb8 13. Bb2 Qe8 14. Rae1 Qg6 15. Qd1 Ne7 16. e4 fxe4 17. Nxe4 Nxe4 18. Rxe4 Rxf1+ 19. Qxf1 {½-½ (67) Granda Zuniga,J (2663)-Caruana,F (2801) Tromsoe 2014}) 7... e4 8. a3 {aiming for Nxf6+.} Bd6 9. Nxf6+ {White is slightly better.} Qxf6 10. d4 b6 $146 ({Predecessor:} 10... exd3 11. Qxd3 Kh8 12. O-O Ne5 13. Qc2 c6 {1-0 (64) Suba,M (2465)-Khmiadashvili,T (2194) Courmayeur 2011}) 11. b3 a5 12. Bb2 Ba6 13. Qc2 Qf7 {next ...a4! is good for Black.} (13... a4 $5 14. b4 Bxb4+ 15. axb4 Nxb4 $11) 14. Nc3 $1 {[%cal Be2c3,Bc3a4,Ba4c5][%mdl 32]} a4 15. Nxa4 b5 16. Nc5 $1 {[%cal Rc5a6]} Bxc5 17. dxc5 bxc4 18. b4 Bb5 19. Bc3 (19. O-O $16) 19... Ba4 $14 20. Qb2 d6 21. cxd6 cxd6 22. O-O Rfe8 23. Rfc1 ({White should try} 23. f3 $16) 23... Ne5 $2 {[#]} (23... d5 $11) 24. Bxe5 $1 $18 Rxe5 {[#]} 25. Bf1 $1 {[%cal Rf1c4]} Rc8 26. Qd4 {[%cal Rf1c4]} Bb3 27. a4 (27. Qxd6 $6 Rd5 $16) 27... Rd5 28. Qc3 {Hoping for Qxb3!} ({Don't blunder} 28. Bxc4 $2 Bxc4 29. Qb2 Qb7 $19) 28... g5 $2 (28... Qf6 {keeps fighting.} 29. Qxf6 gxf6) 29. Ra3 Re8 30. Rxb3 cxb3 31. Bc4 b2 (31... Kf8 $142 32. Qb2 (32. Bxb3 Rd3 $18) 32... f4 33. Bxb3 Ree5) 32. Qxb2 f4 33. Qb3 Ree5 34. exf4 gxf4 35. gxf4 e3 36. Bxd5 ({Inferior is} 36. fxe5 Qxf2+ 37. Kh1 Qf3+ 38. Kg1 Qf2+ 39. Kh1 Qf3+ 40. Kg1 Qf2+ $11) 36... exf2+ 37. Kxf2 Qxd5 38. Qxd5+ Rxd5 {[%mdl 4096] Endgame KR-KR} 39. Rb1 Rd2+ 40. Ke3 Ra2 41. b5 {[%cal Bb4b5,Bb5b6,Bb6b7][%mdl 32]} Rxa4 42. b6 {White mates.} Ra8 43. b7 Rb8 44. Ke4 {Precision: White = 72%, Black = 29%.} 1-0

[Event "27th Seacost Trophy 2017"]
[Site "Eforie Nord"]
[Date "2017.06.21"]
[Round "3"]
[White "Manolache, Marius"]
[Black "Calin, Alexandru"]
[Result "1-0"]
[WhiteElo "2507"]
[BlackElo "2081"]
[Annotator "TA"]
[PlyCount "67"]
[EventDate "2017.??.??"]
[EventType "swiss"]
[EventCountry "ROU"]
[SourceTitle "playchess.com"]
[Source "ChessBase"]
[SourceQuality "1"]

{[%evp 14,67,58,63,111,102,105,60,78,56,216,216,230,219,304,312,300,300,303,302,291,299,278,295,293,291,523,500,518,514,478,423,397,345,339,315,379,381,347,379,390,390,618,631,631,631,593,593,593,593,593,586,586,586,586,585]} 1. d4 d5 2. c4 e6 3. Nc3 c6 4. Nf3 dxc4 5. a4 Bb4 6. g3 Nf6 7. Bg2 b5 8. O-O {LiveBook: 6 Games} a5 $146 {E04: Open Catalan: 5 Nf3} ({Predecessor:} 8... Qb6 9. Qc2 a5 10. e4 h6 11. Be3 Na6 12. d5 Bc5 13. Bxc5 Nxc5 14. dxc6 Nb3 15. Rad1 bxa4 16. e5 {½-½ (25) Maheswaran,P (2355)-Arun Prasad,S (2567) Gurgaon 2010}) 9. Ne5 Nd5 10. e4 {[%cal Be2e4,Be4e5][%mdl 32]} Nxc3 {White is slightly better.} 11. bxc3 $40 {[%mdl 128] Black needs to defend precisely.} Bd6 $2 {[#]} ({Black should try} 11... Bxc3 $14 12. Qf3 f6) 12. Nxc6 $1 $18 {[%mdl 512]} Nxc6 13. e5 Be7 14. Bxc6+ Bd7 15. Bxa8 ({But not} 15. Bxb5 $6 Bxb5 16. axb5 O-O $16) ({Not} 15. axb5 Bxc6 16. bxc6 Qd5 $16) 15... Qxa8 16. axb5 Bxb5 17. Qg4 g5 18. d5 ({Don't play} 18. Bxg5 $6 Rg8 $16) 18... h5 19. Qd4 Qxd5 $2 (19... a4 20. d6 Bd8) 20. Qxd5 exd5 21. Rxa5 Bc6 22. Ra6 Kd7 23. Ra7+ Ke6 24. Be3 d4 25. Bxd4 Bf3 26. Rb1 Re8 27. Rb5 Kf5 (27... Ra8 $142 28. Rxa8 Bxa8) 28. e6+ {White is clearly winning.} Kxe6 29. Re5+ Kd6 {[#]} 30. Rexe7 $1 {[%mdl 512]} Rxe7 {[%cal Re7e1] [#]} 31. Bc5+ $1 {[%mdl 512]} Kxc5 {[%cal Re7e1]} 32. Rxe7 Bd5 33. Re5 f6 34. Rf5 {Precision: White = 98%, Black = 44%.} 1-0

[Event "27th Seacost Trophy 2017"]
[Site "Eforie Nord"]
[Date "2017.06.21"]
[Round "3"]
[White "Bulmaga, Irina"]
[Black "Olariu, Luca-Stefan"]
[Result "1-0"]
[WhiteElo "2415"]
[BlackElo "2059"]
[Annotator "TA"]
[PlyCount "65"]
[EventDate "2017.??.??"]
[EventType "swiss"]
[EventCountry "ROU"]
[SourceTitle "playchess.com"]
[Source "ChessBase"]
[SourceQuality "1"]

{[%evp 13,65,-25,-25,-8,58,24,16,0,3,-49,-47,-28,0,-141,-141,-167,-179,-149,-137,-156,-165,-143,-157,-157,-137,-147,-137,-137,-39,-20,0,0,0,0,463,453,1686,1671,1724,1515,1460,1433,5393,5318,12534,6253,5235,4902,29979,29978,29980,29981,29996,29997]} 1. e4 c5 2. b3 Nc6 3. Bb2 d6 4. f4 e5 5. Nf3 exf4 6. Bb5 Bd7 {B20: Sicilian: Unusual White 2nd moves} 7. O-O (7. d3 Nge7 8. Qd2 Ng6 9. O-O a6 10. Bc4 Nce5 11. Bd5 Rb8 12. d4 cxd4 13. Nxd4 {0-1 (29) Paichadze,L (2529)-Socko,B (2654) Yerevan 2014}) 7... Nf6 {LiveBook: 7 Games} 8. Nc3 Ne5 (8... Be7 $11) 9. Bxd7+ Qxd7 10. d4 Neg4 11. e5 $146 ({White should try} 11. Bc1 $11) ({Predecessor:} 11. Qe2 O-O-O 12. dxc5 dxc5 13. Rad1 {1-0 (29) Hoffmann,U (2142)-Shidlovskij,E (1900) Wolfsberg 2004}) 11... Ne3 $15 12. Qe2 Nxf1 13. exf6+ (13. Rxf1 $11 {was the only way to keep the balance.} dxe5 14. dxe5) 13... Ne3 $17 14. dxc5 {[#] Hoping for Nd5.} O-O-O $1 ({Don't do} 14... gxf6 15. Nd5 $15) ({Don't capture} 14... dxc5 $2 15. Ne5 $18) 15. Nd1 g6 16. Nxe3 fxe3 17. Rd1 {[%cal Ba1d1,Bd1d3,Bd3c3,Bc3c5][%mdl 32]} Qc7 18. c6 Qxc6 19. Qxe3 d5 20. Bd4 b6 (20... Bd6 $17 21. Ng5 Rde8) 21. Ne5 $15 Qc7 {...Re8 is the strong threat.} 22. Rd3 $1 $36 {[%cal Rd3c3][%mdl 2048] White has some pressure.} Bc5 {And now ...Rhe8 would win.} 23. Rc3 Kb7 $2 {[%mdl 8192] [#]} (23... Rhe8 $11 {and Black is okay.} 24. Bxc5 Rxe5) 24. b4 $1 $18 {[%cal Rb4c5]} ({Weaker is} 24. Bxc5 bxc5 25. Rxc5 Qb6 $11) 24... Rhe8 (24... Qxe5 $142 25. Qxe5 Rhe8) 25. bxc5 bxc5 26. Rxc5 Qb6 27. Rc3 Qb1+ 28. Kf2 {Intending Rb3+ and mate.} Qxa2 29. Rb3+ Ka8 30. Ra3 Qxc2+ 31. Kg3 {White mates.} Rd7 32. Bxa7 Kb7 33. Qb6+ {Precision: White = 72%, Black = 29%.} 1-0

[Event "27th Seacost Trophy 2017"]
[Site "Eforie Nord"]
[Date "2017.06.21"]
[Round "3"]
[White "Itkis, Boris"]
[Black "Zubcu, Vlad-George"]
[Result "1/2-1/2"]
[WhiteElo "2371"]
[BlackElo "2050"]
[Annotator "TA"]
[PlyCount "89"]
[EventDate "2017.??.??"]
[EventType "swiss"]
[EventCountry "ROU"]
[SourceTitle "playchess.com"]
[Source "ChessBase"]
[SourceQuality "1"]

{[%evp 17,89,11,29,13,21,16,16,16,16,18,25,25,24,27,20,28,30,38,51,42,68,66,75,75,106,79,107,115,120,106,143,143,136,120,150,142,140,157,167,101,93,106,126,0,0,0,74,6,6,0,0,0,0,0,0,0,6,10,33,11,19,0,0,0,0,0,0,0,0,0,0,0,0,0]} 1. d4 Nf6 2. c4 e6 3. g3 Bb4+ 4. Bd2 Bxd2+ 5. Qxd2 d5 6. Bg2 c6 7. Nf3 O-O 8. b3 Nbd7 9. O-O b6 {LiveBook: 10 Games. E11: Bogo-Indian} 10. Rd1 Bb7 11. Nc3 Qe7 12. Rac1 Rfd8 13. Qf4 Rac8 {[#]} 14. e4 $146 dxe4 15. Nxe4 Nxe4 16. Qxe4 Nf6 17. Qe2 Qc7 18. c5 bxc5 19. dxc5 Rxd1+ 20. Rxd1 Nd5 {[%cal Bf6d5,Bd5b4,Bb4d3][%mdl 32]} 21. Qe1 Ba6 22. Ng5 $1 {[%cal Bf3g5,Bg5e4,Be4d6][%mdl 32]} h6 23. Ne4 Rb8 24. Nd6 Nb4 25. Bh3 Qe7 26. Qe5 $1 {Nxf7! is the strong threat.} Nd3 27. Qe3 Qg5 28. Qxg5 (28. Rxd3 $18 Bxd3 29. Qxd3 Qxc5 30. Nc4) 28... hxg5 $16 29. Ne4 $1 Rd8 {[#]} 30. Nxg5 (30. Bf1 $1 $16) 30... Rd5 $1 $36 {[%cal Rd5g5][%mdl 2048] Black is pushing.} 31. Ne4 f5 {[#]} (31... Nf4 $11 {keeps the balance.} 32. Bg4 Nd3) 32. Nc3 ({White should try} 32. Ng5 $1 $16) 32... Rxc5 33. Na4 Rc2 34. Bf1 Nb4 35. Bxa6 Nxa6 {[%mdl 4096] Endgame KRN-KRN} 36. Rd6 Rxa2 37. Rxc6 Nb4 38. Rxe6 Nd3 {The position is equal.} 39. f3 Ra3 40. Kf1 Rxb3 41. Ke2 Ra3 42. Ra6 Nb2 43. Nc5 Rxa6 44. Nxa6 Kf7 45. Ke3 {Precision: White = 72%, Black = 50%.} 1/2-1/2

[Event "27th Seacost Trophy 2017"]
[Site "Eforie Nord"]
[Date "2017.06.21"]
[Round "3"]
[White "Antonica, Dragos-Andrei"]
[Black "Kharitonov, Alexandr"]
[Result "0-1"]
[WhiteElo "2133"]
[BlackElo "2547"]
[Annotator "TA"]
[PlyCount "110"]
[EventDate "2017.??.??"]
[EventType "swiss"]
[EventCountry "ROU"]
[SourceTitle "playchess.com"]
[Source "ChessBase"]
[SourceQuality "1"]

{[%evp 15,110,16,27,13,23,15,22,2,14,2,2,-6,0,-3,0,-11,-8,-18,-16,-42,-38,-29,-31,-25,-34,-52,-24,-43,-26,-63,-28,-35,-29,-33,-17,-45,-8,0,-4,-16,0,0,0,0,0,0,22,0,0,0,0,0,0,-26,-26,-26,-26,-30,-33,-36,-32,-47,-19,-61,-25,-42,-43,-48,-51,-43,-44,-52,-35,-69,-50,-51,-14,-212,-216,-202,-189,-614,-588,-650,-562,-893,-533,-525,-514,-1177,-1165,-1300,-1318,-1960,-1874,-1643,-1631]} 1. e4 c6 2. d4 d5 3. exd5 cxd5 4. c3 Qc7 5. Bd3 Nc6 6. Ne2 Bg4 7. f3 Bh5 8. Bf4 Qd7 {LiveBook: 17 Games. B13: Caro-Kann: Exchange Variation and Panov-Botvinnik Attack} 9. Nd2 (9. O-O Bg6 10. Bg3 e6 11. Nf4 Bd6 12. Qe2 Nge7 13. Nd2 Qc7 14. Nxg6 hxg6 15. Bxd6 Qxd6 16. f4 {0-1 (65) Shkapenko,P (2425)-Turov,M (2594) Tallinn 2016}) 9... e6 (9... Bg6 $5 {[%cal Rg6d3]} 10. Nb3 e6 $11) 10. Nb3 Bg6 {The position is equal.} 11. Ng3 $146 ({Predecessor:} 11. O-O Nf6 12. Re1 Be7 13. Nc5 Qc8 14. Bg3 O-O 15. Nf4 Bxd3 16. Ncxd3 {0-1 (60) Solovjova,V (2324)-Akatova,E (2261) Moscow 2009}) 11... b6 12. Qe2 Bxd3 13. Qxd3 Bd6 14. Bxd6 Qxd6 15. Qe3 Nge7 16. f4 g6 17. Nc1 {[%cal Bb3c1,Bc1d3,Bd3e5,Be5g4,Bg4f2][%mdl 32]} O-O 18. O-O b5 19. Nd3 b4 20. Ne5 bxc3 21. bxc3 Rac8 22. Rab1 Rc7 23. Ng4 f5 24. Nf2 Na5 25. Rfe1 Kf7 26. Nd3 {aiming for Nc5.} Nc4 27. Qe2 Ng8 28. Ne5+ Nxe5 29. fxe5 Qc6 30. Rb3 Kg7 31. Nh1 Ne7 {[%cal Bg8e7,Be7c8,Bc8b6,Bb6a4][%mdl 32]} 32. Nf2 Nc8 33. Nd3 Nb6 34. Nc5 Na4 35. Nxa4 Qxa4 36. Reb1 Rfc8 37. Qd2 h6 38. g4 Rf8 39. Rf1 Qc6 (39... Qd7 {seems wilder.} 40. gxf5 Rxf5 41. Qe3 Qd8 42. h3 Qh4) 40. gxf5 Rxf5 41. Rxf5 gxf5 $11 {[%mdl 4096] Endgame KQR-KQR} 42. Qb2 Kh7 43. Kf2 Qa6 44. Qd2 Qc8 45. Qb2 $1 Qd7 46. Qd2 $2 {[#]} (46. Rb8 $11) 46... Qd8 $19 47. Qf4 Rg7 48. h3 $2 (48. Rb2) 48... Qe8 {Black is clearly winning.} 49. Qf3 Qg6 {[#] Threatens to win with ...Qg1+.} 50. Rb1 Qg5 51. Ke2 Qh4 {Strongly threatening ...Rg3.} 52. Rb3 (52. Rf1 $142 Rg3 53. Qf4 Qh5+ 54. Rf3 Rxh3 55. Qe3) 52... Rg3 53. Rb7+ Kg6 54. Qh1 Rxh3 55. Qg2+ Rg3 {Precision: White = 31%, Black = 60%.} 0-1

[Event "27th Seacost Trophy 2017"]
[Site "Eforie Nord"]
[Date "2017.06.21"]
[Round "3"]
[White "Isfan, Ioan-Marius"]
[Black "Nanu, Costica-Ciprian"]
[Result "0-1"]
[WhiteElo "2107"]
[BlackElo "2509"]
[Annotator "TA"]
[PlyCount "98"]
[EventDate "2017.??.??"]
[EventType "swiss"]
[EventCountry "ROU"]
[SourceTitle "playchess.com"]
[Source "ChessBase"]
[SourceQuality "1"]

{[%evp 13,98,8,16,0,10,10,12,15,22,0,0,-27,-27,-27,-17,-109,-59,-64,-67,-48,-46,-73,-60,-57,-30,-43,-27,-33,-24,-32,-37,-41,0,-16,0,-61,-60,-64,-18,-26,-32,-85,-83,-87,-79,-128,-128,-128,-124,-126,-124,-125,-125,-127,-119,-289,-168,-186,-183,-190,-185,-185,-187,-363,-361,-339,-333,-387,-330,-380,-372,-328,-324,-440,-440,-433,-419,-459,-460,-462,-459,-558,-551,-514,-464,-621,-621]} 1. d4 Nf6 2. Nf3 e6 3. c4 Bb4+ 4. Nbd2 b6 5. a3 Bxd2+ 6. Bxd2 Bb7 7. g3 a5 {LiveBook: 3 Games. E11: Bogo-Indian} 8. b3 O-O 9. Bg2 Be4 {The position is equal.} (9... d6 10. O-O Nbd7 11. Qc2 Be4 12. Qb2 a4 13. b4 b5 14. cxb5 Nb6 15. Bg5 {½-½ (59) Radjabov,T (2724)-Naiditsch,A (2705) Dubai 2014}) 10. O-O Nc6 $146 ({Predecessor:} 10... d6 11. Bc3 Nbd7 12. Bh3 Re8 13. Re1 Bb7 14. Bb2 d5 15. cxd5 Bxd5 {0-1 (67) Kodentsov,G (2281)-Ikonnikov,V (2525) Netherlands 2012}) 11. Bc3 d5 12. Bh3 Bxf3 13. exf3 a4 {[%cal Ba5a4,Ba4b3][%mdl 32]} 14. Bb4 (14. cxd5 $11 Nxd5 15. Bb2) 14... Re8 15. c5 axb3 16. cxb6 cxb6 17. Rb1 Nxb4 18. axb4 Qc7 19. Rc1 Qd7 20. Qxb3 Rec8 21. Rfe1 g6 22. Bf1 Kg7 23. Ra1 Qc7 (23... Ne8 {feels hotter.} 24. b5 Nd6 25. Ra6 Qc7 26. Qb4 Rab8) 24. Qb2 (24. Qe3 $11) 24... Rxa1 $1 $15 25. Rxa1 Ne8 26. Ra6 Nd6 27. Qa1 (27. Qe2 $15) 27... Qc1 $17 28. Qxc1 Rxc1 29. Rxb6 {[%mdl 4096] Endgame [#] KRB-KRN} Nc4 $1 {[%cal Rc4b6]} 30. Rc6 Rb1 {...Nd2 is the strong threat.} 31. Kg2 Nd2 32. Bd3 Rb3 33. Bc2 Rxb4 34. Rc3 $2 {[#]} (34. Ra6 $17) 34... Rxd4 (34... Rc4 $142 35. Rxc4 dxc4) 35. Bd3 g5 36. h3 h5 {[%cal Bh7h5,Bh5h4][%mdl 32]} 37. Be2 h4 38. g4 $2 (38. Rc7) 38... Kf6 $19 39. Ra3 Ke5 40. Rc3 Rf4 41. Re3+ Kd6 42. Rc3 f6 43. Bb5 Rb4 44. Rc6+ Ke5 45. Ba6 Nb3 {Black is clearly winning.} 46. Rc3 Nd4 47. Bc8 Rb3 48. Re3+ Kd6 49. Ba6 e5 {Precision: White = 30%, Black = 71%.} 0-1

[Event "27th Seacost Trophy 2017"]
[Site "Eforie Nord"]
[Date "2017.06.21"]
[Round "3"]
[White "Schitco, Ivan"]
[Black "Murariu, Andrei"]
[Result "1/2-1/2"]
[WhiteElo "2091"]
[BlackElo "2504"]
[Annotator "TA"]
[PlyCount "108"]
[EventDate "2017.??.??"]
[EventType "swiss"]
[EventCountry "ROU"]
[SourceTitle "playchess.com"]
[Source "ChessBase"]
[SourceQuality "1"]

{[%evp 18,108,21,14,11,0,9,6,23,6,16,0,7,-27,-25,-27,-26,-41,-22,-55,-46,-47,-39,-44,-53,-99,-96,-102,-82,-108,-102,-108,-91,-100,-106,-90,-47,-54,-51,-53,0,0,0,0,0,-26,-26,-28,-37,-43,0,-21,-35,-52,0,-13,-13,-23,-16,-16,-15,-51,0,-18,0,-59,0,0,0,0,0,2,19,0,0,0,0,0,0,7,58,63,89,96,93,0,12,0,69,35,29993,35,35]} 1. d4 Nf6 2. Bf4 g6 3. e3 Bg7 4. Nf3 O-O 5. h3 d6 6. Be2 Nfd7 7. Bh2 e5 8. O-O Nc6 9. c3 {A48: 1 d4 Nf6 2 Nf3 g6: Torre, London and Colle Systems} h6 (9... f5 10. a4 Qe7 11. Na3 Nd8 12. dxe5 Nxe5 13. Nc4 Nxf3+ 14. Bxf3 Nf7 {½-½ (23) Tomashevsky,E (2711)-Salem,A (2656) Sharjah 2017}) 10. Nbd2 {LiveBook: 3 Games} Qe7 11. dxe5 {The position is equal.} dxe5 12. Qc2 f5 13. Nc4 $146 ({Predecessor:} 13. a4 g5 14. Nc4 a5 15. Na3 Nc5 16. Nd2 e4 {½-½ (31) Ledger,S (2177)-Mason,D (2266) Swansea 2006}) 13... b6 14. Rad1 Bb7 15. a4 a5 16. Na3 Kh8 17. Nb5 Nc5 18. Bc4 e4 19. Nfd4 Ne5 20. Bxe5 Bxe5 21. b4 axb4 22. cxb4 Na6 23. Ne6 {[#]} Rf6 $1 {[%cal Rf6e6]} (23... Nxb4 $6 24. Nxf8 Qxf8 25. Qb3 $11) 24. Qb3 Re8 {[%cal Rf6e6]} ({Much weaker is} 24... Nxb4 $6 {[#]} 25. Nexc7 $1 {[%mdl 512]} Rc8 26. Nd5 $11) ({Don't play} 24... Qxb4 $6 25. Rd8+ Rxd8 26. Nxd8 $11) 25. Nbd4 Nxb4 {...c5 is the strong threat.} 26. Nf4 c5 27. Nc2 Nxc2 28. Qxc2 Qg7 (28... Bxf4 $15 29. exf4 Kh7) 29. Qb3 $11 Bxf4 30. exf4 g5 31. Bb5 Bc6 32. Bxc6 Rxc6 33. fxg5 hxg5 34. Qd5 Qf6 35. Qd7 Rf8 (35... Re7 $15 36. Qd8+ Kh7) 36. a5 bxa5 {White should prevent ...c4.} 37. Qa7 c4 {Threatens to win with ...c3.} 38. Rd7 c3 {aiming for ...c2.} 39. Qb7 Rcc8 (39... Kg8 $15 40. Rg7+ Qxg7 41. Qxc6 Qf6) 40. Rc1 c2 41. Rh7+ Kg8 42. Rc7 $1 {[%cal Rc7c8]} Rxc7 43. Qxc7 {[%mdl 4096] Endgame KQR-KQR} Qf7 (43... Rf7 $5 {[%cal Rf7c7]} 44. Qxc2 Kg7 $15) 44. Qxc2 Qd5 45. Rd1 Qe6 46. Qd2 e3 47. fxe3 a4 {[#]} 48. e4 $1 $36 {[%mdl 2560] White is pushing.} f4 ({Black should play} 48... g4 $11) (48... Qxe4 49. Qxg5+) 49. Qa5 $14 Qxe4 {Black wants to play ...Qe3+.} 50. Qxg5+ Kh8 51. Qh6+ (51. Qh4+ $16 Qh7 52. Qf2) 51... Kg8 $11 52. Qg5+ (52. Kh2 $11 f3 53. Qg5+ Kh8 54. Qh5+ Qh7 55. Qc5) 52... Kh8 $14 53. Rd6 Qe1+ 54. Kh2 {[%cal Rd6h6]} Qg3+ $1 {Precision: White = 47%, Black = 56%.} 1/2-1/2

[Event "27th Seacost Trophy 2017"]
[Site "Eforie Nord"]
[Date "2017.06.21"]
[Round "3"]
[White "Fluerariu, Radu-Cristian"]
[Black "Soltanici, Ruslan"]
[Result "0-1"]
[WhiteElo "2034"]
[BlackElo "2393"]
[Annotator "TA"]
[PlyCount "106"]
[EventDate "2017.??.??"]
[EventType "swiss"]
[EventCountry "ROU"]
[SourceTitle "playchess.com"]
[Source "ChessBase"]
[SourceQuality "1"]

{[%evp 14,106,0,-6,2,8,0,14,15,0,0,-20,-15,-15,-25,-86,-91,-113,-62,-60,-57,-79,-77,-83,-66,-132,-93,-93,-93,-93,-93,-92,-108,-99,-102,-98,-66,-108,-107,-116,-112,-110,-116,-106,-65,-86,-63,-106,-65,-596,-583,-598,-585,-600,-554,-781,-573,-815,-796,-799,-780,-743,-789,-930,-903,-795,-602,-711,-700,-1012,-1015,-29978,-29979,-29988,-29989,-29990,-29991,-29991,-29992,-29992,-29993,-29993,-29994,-29998,-4295,-2803,-3016,-1306,-1330,-5106,-5073,-29967,-29968,-29967,-29967]} 1. c4 e5 2. Nc3 Nf6 3. g3 d5 4. cxd5 Nxd5 5. Bg2 Nb6 6. e3 g6 {A22: English Opening: 1...e5 2 Nc3 Nf6} (6... Nc6 7. Nge2 h5 8. h3 h4 9. g4 f5 10. d4 exd4 11. exd4 fxg4 12. Qd3 Qf6 13. Ne4 Bb4+ 14. Bd2 {0-1 (46) Caruana,F (2804)-Vachier Lagrave,M (2789) Paris 2016}) 7. Nge2 Bg7 8. O-O {LiveBook: 5 Games} O-O {The position is equal.} 9. f4 exf4 10. Nxf4 N8d7 $146 {[%cal Bb8d7,Bd7f6,Bf6g4][%mdl 32]} ({Predecessor:} 10... c6 11. b3 Re8 12. Bb2 N8d7 13. Qc2 Nf6 14. Rae1 {½-½ (55) Piorun,K (2489)-Arutinian,D (2556) Pardubice 2012}) 11. d4 c5 12. Ne4 cxd4 $1 13. exd4 Nf6 14. Nc5 (14. Nxf6+ $1 $11 {remains equal.} Bxf6 15. Be3) 14... Ng4 $36 {[%mdl 2048] Black has strong initiative.} 15. Nb3 Nc4 (15... a5 $17 {Threatens to win with ...a4.} 16. a4 Re8) 16. Qd3 Nd6 17. Bd2 Bf5 18. Qf3 Nf6 (18... Re8 {keeps more tension.} 19. Rae1 Qd7 20. h3 Nf6 21. Nc5 Qb5) 19. Nc5 (19. Ba5 $15 Qd7 20. Bc3) 19... Nfe4 20. Bc3 b6 21. Nxe4 Bxe4 22. Qe2 Re8 23. Bxe4 Nxe4 24. Qd3 Qd7 25. Rad1 Rac8 26. Rfe1 f5 27. Re2 Qf7 28. a3 g5 29. Ng2 Qb3 30. Rde1 Red8 31. g4 $2 {[%mdl 8192] [#]} (31. Re3 $15) 31... Bxd4+ $1 $19 {[%mdl 512]} 32. Qxd4 (32. Bxd4 Qxd3) 32... Rxd4 33. Bxd4 Qd3 34. Be5 Rc1 {Hoping for ...Qxe2.} 35. Rxc1 {[#] aiming for Rec2.} Qxe2 36. gxf5 Qf2+ 37. Kh1 Qxf5 38. Bd4 Qf3 39. Kg1 Qd3 40. Be3 h5 41. Rf1 h4 42. Bc1 h3 43. Ne3 Qe2 44. b4 g4 45. Rf4 g3 46. Rg4+ Kh7 47. Rh4+ Kg6 48. hxg3 h2+ (48... Qf2+ $142 49. Kh1 Nxg3#) 49. Rxh2 Qe1+ 50. Nf1 Qxc1 51. Rh4 Nd2 52. Rf4 Nxf1 53. Rxf1 Qxa3 {Precision: White = 37%, Black = 79%.} 0-1